00816cam a2200193 a 4500001000400000003000800004005001700012008004100029035001700070040002700087041000800114082002200122110005900144245024900203260007300452300003600525650003300561700002800594911BD-RjUL20211208233239.0131124s1968 enkcf 100 0 eng d a(BD-RjUL)933 aDLCcDLCdBD-RjULbeng aeng00a021216bSHA 19682 aLibrary Association.bLondon and Home Counties Branch.14aThe shape of things to come:bpapers read at the Week-end Conference of the London and Home Counties Branch of the Library Association held at Eastbourne 26th-28th April 1968 under the chairmanship of A. G. S. Enser;c[editor T. D. F. Barnard]. aLondon:bLibrary Association (London & Home Counties Branch),c1968. a74 p. :bplate, port. ;c19 cm. 0aLibrary sciencexCongresses.1 aBarnard, T. D. F.,eed.